000 00579nam a22001697a 4500
003 SGT
020 _a9789351610281
082 _a519.5
_bGUP
100 _aGUPTA,S.P
245 _aSTATISTICAL METHODS
250 _a44TH
260 _aNEW DELHI
_bSULTAN CHAND & SONS
_c2016
300 _a1426
650 _aPROBABILITIES & APPLIED MATHEMATICS
653 _aSTATISTICS, ORGANIZING A STATISTICAL SURVEY, COLLECTION OF DATA, SAMPLING AND SAMPLE DESIGN, CLASSIFICATION AND TABULATION OF DATA, DIAGRAMMATIC AND GRAPHIC PRESENTATION, MEASURES OF CENTRAL VALUE
942 _2ddc
_cFCM
_0352
999 _c8821
_d8821